Klee (Record no. 8950)

MARC details
000 -CABECERA
campo de control de longitud fija 00742nam a2200241 a 4500
001 - NÚMERO DE CONTROL
campo de control BRL_137
005 - FECHA Y HORA DE LA ÚLTIMA TRANSACCIÓN
campo de control 20190320210614.0
008 - DATOS DE LONGITUD FIJA--INFORMACIÓN GENERAL
campo de control de longitud fija 181012s19uu----enkf######---#000-0#eng-#
041 ## - CÓDIGO DE LENGUA
Código de lengua del texto/banda sonora o título independiente eng
044 ## - CÓDIGO DEL PAÍS DE LA ENTIDAD EDITORA/PRODUCTORA
Código MARC del país enk
050 #4 - SIGNATURA TOPOGRÁFICA DE LA BIBLIOTECA DEL CONGRESO
Número de clasificación ND588.K5
Número de documento/Ítem .K54 1900
245 10 - MENCIÓN DE TÍTULO
Título Klee
Resto del título (1879-1940)
Mención de responsabilidad, etc. introduction and notes by Herbert Read.
260 ## - PUBLICACIÓN, DISTRIBUCIÓN, ETC.
Lugar de publicación, distribución, etc. London
Nombre del editor, distribuidor, etc. Faber and Faber
Fecha de publicación, distribución, etc. [19--]
300 ## - DESCRIPCIÓN FÍSICA
Extensión 2 v.
Otras características físicas il., 11 láminas
Dimensiones 31 cm.
440 #0 - MENCIÓN DE SERIE/PUNTO DE ACCESO ADICIONAL--TÍTULO
Título The Faber Gallery
Designación de volumen o secuencia 29 y 30
9 (RLIN) 23011
500 ## - NOTA GENERAL
Nota general Au165 (v.1). Au170 (v.2)
505 0# - NOTA DE CONTENIDO CON FORMATO
Nota de contenido con formato Contenido: v. 1. Por Herbert Read, 1948. -- v. 2. Por Andrew Forge, 1954
600 14 - PUNTO DE ACCESO ADICIONAL DE MATERIA--NOMBRE DE PERSONA
Nombre de persona Klee, Paul
Fechas asociadas al nombre 1879-1940
9 (RLIN) 23012
700 1# - PUNTO DE ACCESO ADICIONAL--NOMBRE DE PERSONA
Nombre de persona Read, Herbet
9 (RLIN) 23013
700 1# - PUNTO DE ACCESO ADICIONAL--NOMBRE DE PERSONA
Nombre de persona Forge, Andrew
9 (RLIN) 23014
902 ## - CATALOGADOR
Iniciales GRL
942 ## - ELEMENTOS DE PUNTO DE ACCESO ADICIONAL (KOHA)
Fuente del sistema de clasificación o colocación Library of Congress Classification
Tipo de ítem Koha Libros
Holdings
Estado de retiro Estado de pérdida Estado dañado No para préstamo Localización permanente Ubicación/localización actual Fecha de adquisición Total de préstamos Signatura topográfica completa Código de barras Fecha visto por última vez Precio válido a partir de Tipo de ítem Koha
El ejemplar forma parte de la colección y puede ser consultado según las políticas vigentes.       Biblioteca Centro de Estudios Ruth D. Lechuga Biblioteca Centro de Estudios Ruth D. Lechuga 18/10/2012   ND588.K5 .K54 1900 GRL00149 22/03/2019 22/03/2019 Libros
El ejemplar forma parte de la colección y puede ser consultado según las políticas vigentes.       Biblioteca Centro de Estudios Ruth D. Lechuga Biblioteca Centro de Estudios Ruth D. Lechuga 24/08/2015   ND588.K5 .K54 1900 GRL00150 22/03/2019 22/03/2019 Libros